000 00474nam a2200181Ia 4500
001 11116
005 20260306161922.0
008 260306t1945||||xx |||||||||||||| ||spa||
041 _aESP
082 _a985.009
_bE31A
100 _aEguiguren, Luis Antonio
_eAUT
245 0 _aEl mártir pescador José Silverio Olaya y los pupilos del Real Felipe
260 _c1945
300 _a232 páginas :
_c18 cm.
650 _aGEN
654 _aCHU
942 _cLIB
_dJUS
_fJUS
_2ddc
_n
999 _c11116
_d11116